Handbook of gear design (Record no. 60908)

000 -LEADER
fixed length control field 00634nam a22001937a 4500
003 - CONTROL NUMBER IDENTIFIER
control field NUST-PNEC
005 - DATE AND TIME OF LATEST TRANSACTION
control field 20170116180710.0
008 - FIXED-LENGTH DATA ELEMENTS--GENERAL INFORMATION
fixed length control field 141002b xxu||||| |||| 00| 0 eng d
020 ## - INTERNATIONAL STANDARD BOOK NUMBER
International Standard Book Number 0074602373
040 ## - CATALOGING SOURCE
Transcribing agency PNEC
082 ## - DEWEY DECIMAL CLASSIFICATION NUMBER
Classification number 621.833 MAI
100 ## - MAIN ENTRY--PERSONAL NAME
9 (RLIN) 505
Personal name Maitra, Gitin M
245 ## - TITLE STATEMENT
Title Handbook of gear design
Statement of responsibility, etc. Gitin M Maitra
260 ## - PUBLICATION, DISTRIBUTION, ETC.
Place of publication, distribution, etc. New Delhi :
Name of publisher, distributor, etc. Mc. Graw Hill,
Date of publication, distribution, etc. 1994.
300 ## - PHYSICAL DESCRIPTION
Extent 1 v. (various pagings) :
Other physical details ill. ;
Dimensions 28 cm.
500 ## - GENERAL NOTE
General note http://www.amazon.com/Handbook-Gear-Design-Gitin-Maitra/dp/0074602373/ref=sr_1_1?s=books&ie=UTF8&qid=1412242745&sr=1-1&keywords=0074602373
651 ## - SUBJECT ADDED ENTRY--GEOGRAPHIC NAME
General subdivision ME
942 ## - ADDED ENTRY ELEMENTS (KOHA)
Source of classification or shelving scheme
Koha item type Book
Holdings
Withdrawn status Lost status Source of classification or shelving scheme Damaged status Not for loan Permanent Location Current Location Shelving location Date acquired Source of acquisition Cost, normal purchase price Total Checkouts Full call number Barcode Date last seen Cost, replacement price Price effective from Koha item type
          Pakistan Navy Engineering College (PNEC) Pakistan Navy Engineering College (PNEC) Reference 06/18/2010 Standard Books 1146.00   621.833 MAI PNECLIB-029491 10/02/2014 1146.00 06/18/2010 Book
© 2023 Central Library, National University of Sciences and Technology. All Rights Reserved.